00711nam a2200217Ia 450000500170000000800410001702000180005804100080007608200150008410000210009924500270012026000610014730000090020850000280021765000360024570000210028190600070030294200070030999900170031695201600033320251120131227.0230125s9999 xx 000 0 und d a0-679-75493-8 aeng a158.1bPET aPeters T9215135 aThe Tom Peters Seminar c1994bVintage Books A Division of Random HouseaNew York a320p aPersonality Development aPersonality Development9213420 aPeters T9215135 b88 cBK c90798d90798 00104070aHIMRbHIMRd2009-01-10eThe Forward Booksg439.00i2193l0o158.1 PET B06985pHIMR-BK-6985r2023-01-25 00:00:00v351.00w2008-12-22yBKzB06985